000
00333nam a2200145Ia 4500
008
150201s2010 xx 000 0 und d
082
_a
603
_b
J10P
100
_a
PANDA , U.N.
245
_a
JAYPEE'S MIDWIFERY DICTONARY
250
_a
1ST
260
_b
JAYPEE
_a
DELHI
_c
2010
300
_a
185
650
_a
DICTIONARY
942
_2
ddc
_c
BK
999
_c
2121
_d
2121